|
|
|
|
| LEADER |
00000nab a2200000 a 4500 |
| 001 |
vtls000686164 |
| 003 |
SK-MaSNL |
| 005 |
20260304175242.0 |
| 008 |
180205c1999 xo 0 slo |
| 015 |
|
|
|a SNBRB1999/02-04512
|
| 035 |
|
|
|a CLN000038331
|
| 040 |
|
|
|a SNKBUCL
|b slo
|c SNKBUCL
|e AACR2
|
| 041 |
0 |
|
|a slo
|
| 044 |
|
|
|a xo
|c SK
|
| 080 |
|
|
|a 336.71(437.6)
|2 UDC-MRF-SK2
|
| 100 |
1 |
|
|a Onuferová, Marianna
|4 aut
|9 838836
|
| 245 |
1 |
0 |
|a Zahraničný kapitál v úlohe záchrancu bánk
|b predstavenstvá Slovenskej sporiteľne a Všeobecnej úverovej banky sa dohodli, že budú postupovať tak, aby sa ich cesty nerozchádzali, ale stretli
|c Marianna Onuferová
|
| 300 |
|
|
|b Obr.
|
| 650 |
0 |
7 |
|a reštrukturalizácia bánk
|2 snkbucl
|9 68074
|
| 655 |
|
7 |
|a články z novín a časopisov
|2 snkbucl
|9 267496
|
| 773 |
0 |
|
|t Profit
|g Roč. 7, č. 6 (1999), s. 22-23
|
| 850 |
|
|
|a Slovenská národná knižnica v Martine
|
| 852 |
|
|
|a SNK
|b KIS3GCP
|
| 958 |
|
|
|a RBX
|
| 999 |
|
|
|c 3012713
|d 3014643
|